000 00278nam a22001337a 4500
008 210303b ||||| |||| 00| 0 eng d
020 _a9780880228633
041 _aeng
080 _a004
100 _a35
101 _aSHKI
245 _aUsing OS/2 2.0
_cQUE
942 _2udc
_cBK
999 _c55678
_d55678